000 00308 a2200145 4500
001 73785
020 _a
040 _cAnchieta - Colégio São Paulo
240 1 0 _aAo encontro do amor
_lpor
245 1 0 _aAo encontro do amor
300 _a219
362 0 _a1999
650 4 _aFicção inglesa
942 _cBK
999 _c73785
_d73785